Central Library OPAC University of Rajshahi

Biology : (Record no. 72835)

MARC details
000 -LEADER
fixed length control field 00739nam a2200241 a 4500
001 - CONTROL NUMBER
control field 72835
003 - CONTROL NUMBER IDENTIFIER
rucl marc code BD-RjUL
005 - DATE AND TIME OF LATEST TRANSACTION
control field 20211209082320.0
008 - FIXED-LENGTH DATA ELEMENTS--GENERAL INFORMATION
fixed length control field 170524s1977 caua b 001 0 eng
020 ## - INTERNATIONAL STANDARD BOOK NUMBER
International Standard Book Number 0534004903
035 ## - SYSTEM CONTROL NUMBER
System control number (BD-RjUL)73053
040 ## - CATALOGING SOURCE
Original cataloging agency DLC
Transcribing agency DLC
Modifying agency BD-RjUL
Language of cataloging eng
041 ## - LANGUAGE CODE
Language code of text/sound track or separate title eng
082 00 - DEWEY DECIMAL CLASSIFICATION NUMBER
Classification number 570
Edition number 23
Author mark and year WOB 1977
100 1# - MAIN ENTRY--PERSONAL NAME
Personal name Wolfe, Stephen L.
9 (RLIN) 160212
245 10 - TITLE STATEMENT
Title Biology :
Remainder of title the foundations /
Statement of responsibility, etc. Stephen L. Wolfe, with a chapter on human ecology by G. Tyler Miller, Jr.
260 ## - PUBLICATION, DISTRIBUTION, ETC. (IMPRINT)
Place of publication, distribution, etc. Belmont, Calif. :
Name of publisher, distributor, etc. Wadsworth Pub. Co.,
Date of publication, distribution, etc. c1977.
300 ## - PHYSICAL DESCRIPTION
Pagination xiii, 460 p. :
Illustrations ill. ;
Size 26 cm.
504 ## - BIBLIOGRAPHY, ETC. NOTE
Bibliography, etc Includes bibliographies and index.
650 #0 - SUBJECT ADDED ENTRY--TOPICAL TERM
Topical term or geographic name as entry element Biology.
9 (RLIN) 215428
Topical term or geographic name as entry element Biology.
9 (RLIN) 215428
942 ## - ADDED ENTRY ELEMENTS (KOHA)
Source of classification or shelving scheme Dewey Decimal Classification
Koha item type Books
Holdings
Lost status Source of classification or shelving scheme Damaged status Not for loan Collection code Permanent Location Current Location Shelving location Date acquired Source of acquisition Total Checkouts Full call number Date last seen Copy number Koha item type
  Dewey Decimal Classification   Not For Loan Non-fiction Central Library, University of Rajshahi Central Library, University of Rajshahi Reading Room 16/11/1985 Asia Foundation   570 WOB 1977 24/05/2017 C-1 Books